Dutch provinces Sprint - Statistics

General Stats
  • This quiz has been taken 58 times
  • The average score is 9 of 12
Answer Stats
Hint Answer % Correct
F Friesland
93%
D Drenthe
79%
F Flevoland
79%
N Noord-Brabant
79%
N Noord-Holland
79%
G Groningen
71%
O Overijssel
71%
Z Zuid-Holland
71%
L Limburg
64%
G Gelderland
57%
U Utrecht
57%
Z Zeeland
57%
No matching quizzes found
Score Distribution
Percent of People with Each Score
Percentile by Number Answered
Your Score History
You have not taken this quiz